000 00540nam a2200193Ia 4500
005 20250508165624.0
008 008 250505s9999 xx 000 0 eng d
037 _aPeriodicals
040 _aFEDL
_beng
_cFEDL
041 _aeng
_2eng
084 _a823, SAL
_qFEDL
100 _aSalwi Dilip M.
_924568
245 0 _aAlien encounters : stories from out of this world
260 _aDelhi, India
_bRatan Sagar Pvt. Ltd.
_c1991
300 _a62p.
365 _aINR
_b14.9
942 _cCR
_h823, SAL
999 _c1396266
_d1396266